000 01138cam a22003257a 4500
003 CHAP
005 20220329140421.0
008 971013s1981 r 00010 d
010 _a51675
011 _a52647
035 _a56797
040 _cCHAP
090 _aTesis
100 0 0 _aTrens Flores, Manuel.
_9114821
245 0 _aPreparación de estomagos de bovino de 0 a 1 semana, 2 a 4 meses y adulto; por medio de celulosa, para fines didacticos
260 _aMéxico, D.F. :
_bEl autor,
_c1981
300 _a42 h.
_b: ilus.
502 _aTesis (Médico Veterinario Zootecnista) -- UNAM. Fac. de Medicina Veterinaria y Zootecnia
590 _aALEPH
_b10
_c20130110
_lUCH01
_h1328
590 _aBATCH-UPD
_b10
_c20130110
_lUCH01
_h0732
590 _aBATCH-UPD
_b10
_c20130111
_lUCH01
_h0003
590 _aBATCH-UPD
_b10
_c20130410
_lUCH01
_h0415
590 _aBATCH-UPD
_b10
_c20130914
_lUCH01
_h1327
590 _aCONVERSION
_b10
_c20130109
_lUCH01
_h1328
650 1 4 _aEstómago.
_938348
650 1 4 _aVeterinaria
_xMétodos de laboratorio.
_9119004
901 _aBK
942 _cTESIS
949 _bBC
_cTES
_d-123921
_eTS1
_h18626
_i56797
_si
999 _c51675
_d51675